00293nam a2200109Ia 4500008004100000041001200041100003000053245007200083250001300155260000900168650000600177221030s9999 xx 000 0 und d aEnglish aEfy Enterprises Pvt. Ltd. 0aElectronics for You Annual Guide 2004cby Efy Enterprises Pvt. Ltd. aJAN 2016 c2016 aB